000 00555cam a22002053a 4500
001 40291
003 PGUSA
005 20140828083912.0
008 120721s2012||||xxu|||||s|||||000 | eng d
040 _aPGUSA
_beng
042 _adc
100 1 _aBauditz, Sophus
245 1 0 _aAbsalons Brønd
_h[electronic resource] /
_cSophus Bauditz
260 _bProject Gutenberg,
_c2012
506 _aPublic domain in the USA.
516 _aElectronic text
830 0 _aProject Gutenberg
_v40291
856 4 0 _uhttp://www.gutenberg.org/ebooks/40291
942 _cEB
999 _c269544
_d269544